<?xml version="1.0" encoding="UTF-8"?>
<collection xmlns="http://www.loc.gov/MARC21/slim">
<record>
  <controlfield tag="001">107720</controlfield>
  <controlfield tag="005">20211026144129.0</controlfield>
  <datafield tag="024" ind1="7" ind2=" ">
    <subfield code="2">doi</subfield>
    <subfield code="a">10.26754/CINAIC.2021.0017</subfield>
  </datafield>
  <datafield tag="037" ind1=" " ind2=" ">
    <subfield code="a">COMPON-2021-CINAIC-0017</subfield>
  </datafield>
  <datafield tag="041" ind1=" " ind2=" ">
    <subfield code="a"></subfield>
  </datafield>
  <datafield tag="100" ind1=" " ind2=" ">
    <subfield code="a">Castedo, Ricardo</subfield>
    <subfield code="u">Universidad Politécnica de Madrid, España</subfield>
  </datafield>
  <datafield tag="245" ind1=" " ind2=" ">
    <subfield code="a">Implementación de laboratorios 2.0 para mecánica de fluidos</subfield>
  </datafield>
  <datafield tag="260" ind1=" " ind2=" ">
    <subfield code="a">Zaragoza</subfield>
    <subfield code="b">Universidad de Zaragoza, Servicio de Publicaciones</subfield>
    <subfield code="c">2021</subfield>
  </datafield>
  <datafield tag="300" ind1=" " ind2=" ">
    <subfield code="e">6</subfield>
  </datafield>
  <datafield tag="520" ind1="3" ind2=" ">
    <subfield code="a">Se ha desarrollado una serie de mejoras en aras de la digitalización de los laboratorios de Mecánica de Fluidos e Hidráulica que se cursan en las asignaturas de fluidos de 2º curso de diversos grados en la ETSIME de la Universidad Politécnica de Madrid. Esta experiencia se realiza durante el curso 2020-21, acelerado en parte debido a los problemas por la pandemia en el curso 2019-20. Se han creado unos videos resumen de las prácticas, actualizado los guiones y mantenido las sesiones presenciales en grupos reducidos. Para la entrega de resultados se han desarrollado unas aplicaciones en Matlab que el alumno debe emplear. En estas aplicaciones el alumno realiza o elige los cálculos o soluciones a lo visto en el laboratorio, realiza minijuegos y discute los resultados obtenidos. La mejora global en la entrega de resultados frente al método clásico en papel se sitúa en torno al 11%, siendo más importante en hombres que en mujeres. La apreciación de los alumnos, en base a encuestas, de la nueva metodología es bastante buena con valores superiores al 4 sobre 5 en todos los grupos en ambos géneros.</subfield>
  </datafield>
  <datafield tag="506" ind1=" " ind2=" ">
    <subfield code="a">Access copy available to the general public</subfield>
    <subfield code="f">Unrestricted</subfield>
  </datafield>
  <datafield tag="540" ind1=" " ind2=" ">
    <subfield code="9">info:eu-repo/semantics/openAccess</subfield>
    <subfield code="a">by-nc-nd</subfield>
    <subfield code="u">http://creativecommons.org/licenses/by-nc-nd/3.0/es/</subfield>
  </datafield>
  <datafield tag="653" ind1="1" ind2=" ">
    <subfield code="a">Matlab</subfield>
  </datafield>
  <datafield tag="653" ind1="1" ind2=" ">
    <subfield code="a">Digitalización</subfield>
  </datafield>
  <datafield tag="653" ind1="1" ind2=" ">
    <subfield code="a">Competencias transversales  </subfield>
  </datafield>
  <datafield tag="653" ind1="1" ind2=" ">
    <subfield code="a">Matlab</subfield>
  </datafield>
  <datafield tag="653" ind1="1" ind2=" ">
    <subfield code="a">Digitalization</subfield>
  </datafield>
  <datafield tag="653" ind1="1" ind2=" ">
    <subfield code="a">life-skills competencies  </subfield>
  </datafield>
  <datafield tag="655" ind1=" " ind2="4">
    <subfield code="a">Comunicación</subfield>
  </datafield>
  <datafield tag="700" ind1=" " ind2=" ">
    <subfield code="a">Prado, Ángel</subfield>
    <subfield code="u">Universidad Politécnica de Madrid, España</subfield>
  </datafield>
  <datafield tag="700" ind1=" " ind2=" ">
    <subfield code="a">Gómez, José M.</subfield>
    <subfield code="u">Universidad Politécnica de Madrid, España</subfield>
  </datafield>
  <datafield tag="700" ind1=" " ind2=" ">
    <subfield code="a">Santos, Anastasio P.</subfield>
    <subfield code="u">Universidad Politécnica de Madrid, España</subfield>
  </datafield>
  <datafield tag="700" ind1=" " ind2=" ">
    <subfield code="a">López,  Lina M.</subfield>
    <subfield code="u">Universidad Politécnica de Madrid, España</subfield>
  </datafield>
  <datafield tag="700" ind1=" " ind2=" ">
    <subfield code="a">Chiquito, María</subfield>
    <subfield code="u">Universidad Politécnica de Madrid, España</subfield>
  </datafield>
  <datafield tag="700" ind1=" " ind2=" ">
    <subfield code="a">Rodríguez-Rama, Juan A.</subfield>
    <subfield code="u">Universidad Politécnica de Madrid, España</subfield>
  </datafield>
  <datafield tag="773" ind1=" " ind2=" ">
    <subfield code="d">Zaragoza</subfield>
    <subfield code="g">Actas del VI Congreso Internacional sobre aprendizaje, innovación y cooperación, CINAIC 2021</subfield>
  </datafield>
  <datafield tag="856" ind1="4" ind2=" ">
    <subfield code="s">1191722</subfield>
    <subfield code="u">http://zaguan.unizar.es/record/107720/files/017.pdf</subfield>
  </datafield>
  <datafield tag="909" ind1="C" ind2="O">
    <subfield code="o">oai:zaguan.unizar.es:107720</subfield>
    <subfield code="p">comunicaciones-ponencias</subfield>
  </datafield>
  <datafield tag="970" ind1=" " ind2=" ">
    <subfield code="a">COMPON-2021-CINAIC-0017</subfield>
  </datafield>
  <datafield tag="980" ind1=" " ind2=" ">
    <subfield code="a">COMPON</subfield>
  </datafield>
</record>
</collection>